000 01044cam a2200217 4500
001 WB3825-10
008 020711n2002 000 0 eng u
035 _a(Sirsi) u118780
245 _aTomkins v Basildon DC
260 _c2002
490 _aEstates Gazette
_v[2002] 27 EG 140 (CS) (06/07/02)
490 _aEstates Gazette
_v[2002] 43 EG 206; [2002] EWCA Civ 876
520 _aCA 24 June 2002 Tenant T had 20 years lease on premises for permitted business and residential use. T ceased trading in 1986. T's breach of covenant concerning use, although accepted by landlord, did not amount to surrender of business lease. T was not granted residential periodic tenancy, which would have given her protection under Landlord and Tenant Act 1985 S11. T's appeal dismissed. Landlord B's cross-appeal allowed.
590 _aWB
650 _aVARIATION AND SURRENDER
650 _aLANDLORD AND TENANT ACT 1985 S11
650 _aPERIODIC TENANCIES
650 _aTOMKINS V BASILDON DC
690 _aPROPERTY-LANDLORD AND TENANT
942 _n0
999 _c70715
_d70715